A REGIONAL AND INTER-REGIONAL STUDY OF TANZANIA (Record no. 3442)

MARC details
000 -LEADER
fixed length control field 00327nam a22000977a 4500
008 - FIXED-LENGTH DATA ELEMENTS--GENERAL INFORMATION
fixed length control field 151012b xxu||||| |||| 00| 0 eng d
082 ## -
Classification number 338.072 678 REG
100 ## - MAIN ENTRY--PERSONAL NAME
Personal name AMANI H.K.R
Titles and other words associated with a name NDULU B, HAGEN S.E, STERNBERG K.
245 ## - TITLE STATEMENT
Title A REGIONAL AND INTER-REGIONAL STUDY OF TANZANIA
260 ## - PUBLICATION, DISTRIBUTION, ETC. (IMPRINT)
Place of publication, distribution, etc. DAR-ES SALAAM
Name of publisher, distributor, etc. ECONOMIC RESEARCH BUREAU
Date of publication, distribution, etc. 1987
Holdings
Withdrawn status Lost status Source of classification or shelving scheme Damaged status Koha normalized classification for sorting Not for loan Home library Current library Shelving location Date acquired Total Checkouts Full call number Barcode Date last seen Price effective from Koha item type
    Dewey Decimal Classification   338_072000000000000_678_REG   Dodoma Dodoma Ground Floor 12/10/2015   338.072 678 REG 000000003290 29/07/2019 12/10/2015 BOOKS
    Dewey Decimal Classification   338_072000000000000_678_REG   Dodoma Dodoma Ground Floor 03/11/2015   338.072 678 REG 000000003266 29/07/2019 03/11/2015 BOOKS

IRDP © 2021 :: Managed by ICT Team